000 00298nam a22001217a 4500
041 _aENG
100 _aGray,D,H
245 _aBiotechnical And Soil Bioengineering Slope Stabilization
260 _aNew York
_bJohn Wiley & Sons ,Inc
_c1995
300 _a378
650 _aIDE
856 _uIDE ( 05 )
999 _c1556
_d1556